Aproximación al estado actual de la bioprospección en Colombia (Registro nro. 8384)

Detalles MARC
000 -CABECERA
Campo de control 01355nam a22003257a 4500
005 - FECHA Y HORA DE LA ULTIMA TRANSACCION
Campo de control 20140409124836.0
008 - ELEMENTOS DE LONGITUD FIJA—INFORMACION GENERAL
Campo de control 140409s2002 ck ad gr|||| 000|0 spa d
020 ## - ISBN
ISBN 9589697291
041 0# - IDIOMA
Código de idioma para texto/pista de sonido o título separado Español
044 ## - PAÍS DE PUBLICACIÓN
País de publicación Colombia
082 04 - NUMERO DE CLASIFICACION DECIMAL DEWEY
Número de clasificación 570.72
Número del ítem M52a
100 1# - ASIENTO PRINCIPAL--NOMBRE PERSONAL
Nombre personal Melgarejo, Luz Marina
245 10 - MENCION DE TITULO
Título Aproximación al estado actual de la bioprospección en Colombia
Mención de responsabilidad Ministerio del Medio Ambiente, Instituto de Investigaciones Marinas y Costeras, Universidad Nacional, Luz Marina Melgarejo, Jimena Sánchez, Alejandro Chaparro, Federico Newmark, Marisol Santos-Acevedo, Consuelo Burbano, Carmen Reyes
260 3# - PUBLICACION, DISTRIBUCION, ETC. (PIE DE IMPRENTA)
Lugar de publicación, distribución, etc. Bogotá
Nombre del editor, distribuidor, etc. INVEMAR
Fecha de publicación, distribución, etc. 2002
300 ## - DESCRIPCION FISICA
Extensión 334 p.
Otros detalles físicos il., tablas, gráficas
Dimensiones 28 cm
650 24 - ASIENTO SECUNDARIO DE MATERIA - TERMINO TEMATICO
Término temático o nombre geográfico como elemento de entrada Ecología marina
Subdivisión geográfica Colombia
650 24 - ASIENTO SECUNDARIO DE MATERIA - TERMINO TEMATICO
Término temático o nombre geográfico como elemento de entrada Bioprospección
650 24 - ASIENTO SECUNDARIO DE MATERIA - TERMINO TEMATICO
Término temático o nombre geográfico como elemento de entrada Ecología vegetal
Subdivisión geográfica Colombia
650 24 - ASIENTO SECUNDARIO DE MATERIA - TERMINO TEMATICO
Término temático o nombre geográfico como elemento de entrada Conservación de la diversidad biológica
Subdivisión geográfica Colombia
700 1# - ASIENTO SECUNDARIO - NOMBRE PERSONAL
Nombre personal Sánchez, Jimena
700 1# - ASIENTO SECUNDARIO - NOMBRE PERSONAL
Nombre personal Chaparro, Alejandro
700 1# - ASIENTO SECUNDARIO - NOMBRE PERSONAL
Nombre personal Newmark, Federico
700 1# - ASIENTO SECUNDARIO - NOMBRE PERSONAL
Nombre personal Santos-Acevedo, Marisol
700 1# - ASIENTO SECUNDARIO - NOMBRE PERSONAL
Nombre personal Burbano, Consuelo
700 1# - ASIENTO SECUNDARIO - NOMBRE PERSONAL
Nombre personal Reyes, Carmen
710 1# - ASIENTO SECUNDARIO - NOMBRE CORPORATIVO
Nombre corporativo o de jurisdicción como elemento de entrada Colombia
Unidad subordinada Ministerio del Medio Ambiente
710 2# - ASIENTO SECUNDARIO - NOMBRE CORPORATIVO
Nombre corporativo o de jurisdicción como elemento de entrada Instituto de Investigaciones Marinas y Costeras
710 2# - ASIENTO SECUNDARIO - NOMBRE CORPORATIVO
Nombre corporativo o de jurisdicción como elemento de entrada Universidad Nacional
942 ## - ELEMENTOS ADICIONALES (KOHA)
Sistema de clasificación Dewey Decimal Classification
Tipo de ítem Impreso

No hay ítems disponibles.